|
|
|
|
| LEADER |
01532nam a2200445 a 4500 |
| 001 |
nkc20122391346 |
| 003 |
CZ PrNK |
| 005 |
20121221114232.0 |
| 007 |
ta |
| 008 |
120815s2012 xr a g f 000 0 cze |
| 015 |
|
|
|a cnb002391346
|
| 020 |
|
|
|a 978-80-7246-700-6
|q (váz.)
|
| 035 |
|
|
|a (OCoLC)823820790
|
| 040 |
|
|
|a OLA001
|b cze
|d ABA001
|
| 043 |
|
|
|a e-xr---
|b e-xr-pg
|2 czenas
|
| 072 |
|
7 |
|a 94(437)
|x Dějiny Česka a Slovenska
|2 Konspekt
|9 8
|
| 080 |
|
|
|a 908:133
|2 MRF
|
| 080 |
|
|
|a 821.162.3-34
|2 MRF
|
| 080 |
|
|
|a 94(437.311)
|2 MRF
|
| 080 |
|
|
|a (0.062)
|2 MRF
|
| 100 |
1 |
|
|a Borská, Ilona,
|d 1928-2007
|7 jk01012697
|4 aut
|
| 245 |
1 |
0 |
|a Praha má tajemná /
|c Ilona Borská ; [fotografie Natálie Pecková]
|
| 250 |
|
|
|a Vyd. 3., V nakl. Motto 2.
|
| 260 |
|
|
|a Praha :
|b Motto,
|c 2012
|
| 300 |
|
|
|a 222 s. :
|b il. ;
|c 21 cm
|
| 504 |
|
|
|a Obsahuje bibliografii
|
| 650 |
0 |
7 |
|a magická místa
|7 ph165768
|z Česko
|2 czenas
|
| 650 |
0 |
7 |
|a české pověsti
|7 ph128145
|2 czenas
|
| 650 |
0 |
9 |
|a magic space
|z Czechia
|2 eczenas
|
| 650 |
0 |
9 |
|a Czech legends
|2 eczenas
|
| 651 |
|
7 |
|a Praha (Česko)
|7 ge118011
|x dějiny
|2 czenas
|
| 651 |
|
9 |
|a Prague (Czechia)
|x history
|2 eczenas
|
| 655 |
|
7 |
|a populárně-naučné publikace
|7 fd131864
|2 czenas
|
| 655 |
|
9 |
|a popular works
|2 eczenas
|
| 700 |
1 |
|
|a Pecková, Natálie
|7 mzk2005313096
|4 pht
|
| 910 |
2 |
|
|a BOA001
|b 2-1296.038
|
| 928 |
9 |
|
|a Albatros Media - Motto
|
| 990 |
|
|
|a BK
|
| 995 |
|
|
|a 01
|
| 996 |
6 |
|
|b 2610530276
|c 2-1296.038
|l MZK
|r Sklad / do 1 hodiny
|n 0
|p p.v.
|w 001302054
|u 000010
|a 1
|e BOA001
|j MZK50
|s P
|